Diario político: 1849-1852

Saved in:
Bibliografiske detaljer
Hovedforfatter: Lastarria, José Victorino (Author)
Format: Bog
Sprog:spansk
Udgivet: Santiago, Chile Andrés Bello 1968
Udgivelse:Tercera edición
Serier:Ensayos, 17
Fag:
Tags: Tilføj Tag
Ingen Tags, Vær først til at tagge denne postø!

MARC

LEADER 00000cam a2200000 a 4500
001 UCS2617
003 CL-VaPUC
005 20220113074057.0
008 970604e19680000CL |||||||||||||||||spa|d
100 |a Lastarria, José Victorino  |e author  |9 312043 
999 |c 260560  |d 260558 
040 |c Pontificia Universidad Católica de Valparaíso 
082 0 4 |a 983.05 LAS 1968  |2 21 
245 1 0 |a Diario político:  |b  1849-1852 
250 |a Tercera edición 
260 |a Santiago, Chile  |b Andrés Bello  |c 1968 
300 |a 165 páginas 
490 0 |a Ensayos,  |v  17 
500 |a Introducción preliminar de Raúl Silva Castro, miembro de la Academia Chilena 
583 |a last modification  |c 20130925 06:46:48  |k Rodrigo Vera 
610 |2 CONGRESO NACIONAL DE CHILE 
650 0 |a Historia política  |z CHILE  |9 256974 
650 7 |a SISTEMAS POLITICOS  |2 CL-VaPUC  |9 388247  |z CHILE 
650 7 |a REVOLUCIONES POLITICAS  |2 CL-VaPUC  |9 388248  |z CHILE 
650 0 |a Presidentes de Chile  |9 268293 
852 |a BIBCUR 
942 |c BK  |2 ddc 
945 |d 19970604 00:00:00  |a paguirre 
952 |0 0  |1 0  |2 ddc  |4 0  |6 983_050000000000000_LAS_1968  |7 0  |8 P  |9 286770  |a BIBDER  |b BIBDER  |d 2019-11-19  |i 186193K  |o 983.05 LAS 1968  |p 186193K  |r 2023-01-25  |t 1  |w 2019-11-19  |y BK  |k DER 
952 |0 0  |1 0  |2 ddc  |4 0  |6 983_050000000000000_LAS_1968  |7 0  |8 A  |9 286771  |a BIBHIS  |b BIBHIS  |d 2019-11-19  |i 1339559  |o 983.05 LAS 1968  |p 1339559  |r 2025-01-20  |t 2  |w 2019-11-19  |y BK  |k HIS 
952 |0 0  |1 0  |2 ddc  |4 0  |6 983_050000000000000_LAS_1968  |7 0  |8 A  |9 286772  |a BIBHIS  |b BIBHIS  |d 2019-11-19  |i 1254464  |o 983.05 LAS 1968  |p 1254464  |r 2025-01-20  |t 3  |w 2019-11-19  |y BK  |k HIS 
952 |0 0  |1 0  |2 ddc  |4 0  |6 983_050000000000000_LAS_1968  |7 0  |8 X  |9 286773  |a FDOBUD  |b FDOBUD  |d 2019-11-19  |i 1046926  |o 983.05 LAS 1968  |p 1046926  |r 2019-11-19  |t 5  |w 2019-11-19  |y BK_X  |k BUD 
952 |0 0  |1 0  |2 ddc  |4 0  |6 983_050000000000000_LAS_1968  |7 0  |8 A  |9 286774  |a BIBHIS  |b BIBHIS  |d 2019-11-19  |i 4855817  |o 983.05 LAS 1968  |p 4855817  |r 2025-01-20  |t 4  |w 2019-11-19  |y BK  |k HIS